00681nam a2200181 a 4500008004100000110003900041245016000080260004200240300002800282504002200310650004600332650002500378650004500403650002400448003000100472005001700473040000900490 2 aAfrica Materials Research Society.00aThe 6th International Conference of the Africa Materils Research Society December 11-16, 2011 Victoria Falls, Zimbabwe/cAfrica Materials Research Society. aVictoria Falls :bAfrica M.R.Sc2011. a313 p. :bill. ;c30cm. aIncludes index.  aMetallurgyxfoundryxmaterials processing aCarbon and Graphene. aNanoparticle synthesisxcharacterization 1aMaterials research.20230123122051.0 cNUST